Canciones y percusiones: manual para la enseñanza creativa del solfeo elemental

Αποθηκεύτηκε σε:
Λεπτομέρειες βιβλιογραφικής εγγραφής
Κύριος συγγραφέας: Allende Martínez, Gina (Συγγραφέας)
Μορφή: Βιβλίο
Γλώσσα:Ισπανικά
Έκδοση: Santiago Universidad Católica de Chile 2000
Έκδοση:1a. ed
Σειρά:Aprendizaje
Θέματα:
Ετικέτες: Προσθήκη ετικέτας
Δεν υπάρχουν, Καταχωρήστε ετικέτα πρώτοι!

MARC

LEADER 00000cam a2200000 a 4500
001 UCL7171
003 CL-VaPUC
008 040507e20000000CL |||||||||||||||||spa|d
020 |a 9561406047 
082 0 4 |a 780.77  |b ALL  |2 21 
100 0 |a Allende Martínez, Gina  |e author  |9 484982 
245 1 0 |a Canciones y percusiones: manual para la enseñanza creativa del solfeo elemental 
250 |a 1a. ed 
300 |a 223 p 
942 |c BK 
945 |d 20040507 00:00:00  |a cmena 
260 |a Santiago  |b Universidad Católica de Chile  |c 2000 
650 0 |a Solfeo  |9 460401 
650 0 |a Métodos de enseñanza  |9 270413 
650 0 |a Estudio e instrucción  |9 306288 
650 0 |a Educación musical   |9 310072 
583 |a last modification  |c 20170811 09:41:59  |k Rodrigo Vera 
490 0 |a Aprendizaje 
999 |c 309024  |d 309022 
952 |0 0  |1 0  |4 0  |6 780_770000000000000_ALL_2000  |7 0  |8 ?  |9 376094  |a BIBEDU  |b BIBEDU  |d 2019-11-21  |i 4011376  |l 1  |m 1  |o 780.77 ALL 2000  |p 4011376  |r 2024-08-27  |s 2024-08-13  |w 2019-11-21  |y BK  |k MUS 
952 |0 0  |1 0  |3 erb  |4 0  |6 780_770000000000000_ALL_2000  |7 0  |8 ?  |9 376096  |a BIBEDU  |b BIBEDU  |i 5414016  |o 780.77 ALL 2000  |p 5414016  |r 2023-01-12  |w 2019-11-21  |y BK  |z Catalogado en:20170811  |k MUS